[Event "Titled Tue 27th May Early"]
[Site "chess.com INT"]
[Date "2025.05.27"]
[Round "6"]
[White "Chaulagain, Purusottam"]
[Black "Pournami S"]
[Result "1-0"]
[WhiteTitle "CM"]
[BlackTitle "WCM"]
[WhiteElo "1898"]
[BlackElo "1782"]
[WhiteFideId "12300730"]
[BlackFideId "25732439"]
[EventDate "2025.05.27"]

1. d4 Nf6 2. Nc3 d5 3. Bf4 e6 4. e3 Be7 5. g4 h6 6. h4 c5 7. Nb5 Na6 8. c3 cxd4
9. exd4 Bd7 10. a4 Ne4 11. Bg2 Bc6 12. Nf3 Qb6 13. Qd3 Rd8 14. Ne5 Nd6 15. Nxc6
Qxc6 16. Nxa7 Qb6 17. Nb5 Nc7 18. Nxc7+ Qxc7 19. g5 hxg5 20. hxg5 Rxh1+ 21. Bxh1
Ra8 22. g6 f6 23. Qe2 Kd7 24. Bg2 Qb6 25. Bh3 Ne4 26. f3 Ng5 27. Bxg5 fxg5 28.
Kf2 Qd6 29. Kg2 Rh8 30. Qb5+ Kc8 31. a5 Bd8 32. a6 Bc7 33. axb7+ Kd8 34. Ra8+
Ke7 35. Rxh8 Qg3+ 36. Kf1 Qxf3+ 37. Kg1 Qg3+ 38. Bg2 Qe3+ 39. Kh1 Qe1+ 40. Qf1
Qg3 41. Qf7+ Kd6 42. Qf8+ Kc6 43. Qc5+ Kxb7 44. Qb5+ Bb6 45. Qd7+ Bc7 46. Qxe6
Qd3 47. Qxd5+ Kb6 48. Qc6+ Ka5 49. Ra8+ 1-0

[Event "Titled Tue 27th May Early"]
[Site "chess.com INT"]
[Date "2025.05.27"]
[Round "6"]
[White "Lazavik, Denis"]
[Black "Samunenkov, Ihor"]
[Result "1-0"]
[WhiteTitle "GM"]
[BlackTitle "GM"]
[WhiteElo "2577"]
[BlackElo "2572"]
[WhiteFideId "13515110"]
[BlackFideId "14187086"]
[EventDate "2025.05.27"]

1. d4 d5 2. c4 c6 3. Nf3 Nf6 4. Qc2 g6 5. cxd5 cxd5 6. Bf4 Bg7 7. Nc3 O-O 8. e3
Nc6 9. h3 Bf5 10. Qb3 Na5 11. Qb4 Qb6 12. Qxb6 axb6 13. Be2 Rfc8 14. g4 Be4 15.
O-O Bxf3 16. Bxf3 e6 17. Rfc1 Nc4 18. b3 Nd2 19. Be2 Bf8 20. Na4 Ba3 21. Rxc8+
Rxc8 22. Bd3 Nfe4 23. Kg2 g5 24. Bh2 Rc6 25. Rd1 b5 26. Nc5 Nxc5 27. dxc5 Ne4
28. Bxe4 dxe4 29. Be5 Bxc5 30. Rd8+ Bf8 31. Bf6 Rd6 32. Rb8 Rd7 33. Kf1 h6 34.
Ke2 b4 35. Rc8 b5 36. f3 Ra7 37. fxe4 Rxa2+ 38. Kf3 Ra7 39. e5 Rd7 40. Rb8 Rc7
41. h4 gxh4 42. Bxh4 Rd7 43. Bf6 Rc7 44. Kf4 Rd7 45. g5 hxg5+ 46. Bxg5 Kg7 47.
Bf6+ Kg8 48. Ke4 Rc7 49. Kf4 Rd7 50. Kg4 Rc7 51. Kh5 Rc1 52. Be7 Rh1+ 53. Kg4
Kg7 54. Bxf8+ Kg6 55. Be7 Rb1 56. Bf6 Rxb3 57. Rg8+ Kh7 58. Rg7+ Kh6 59. Rxf7
Rxe3 60. Bg5+ Kg6 61. Rf6+ 1-0

[Event "Titled Tue 27th May Early"]
[Site "chess.com INT"]
[Date "2025.05.27"]
[Round "6"]
[White "Perry, Patrick"]
[Black "Diaz Vasquez, Martin"]
[Result "0-1"]
[BlackTitle "CM"]
[WhiteElo "2296"]
[BlackElo "2266"]
[WhiteFideId "30917727"]
[BlackFideId "3410579"]
[EventDate "2025.05.27"]

1. e4 c6 2. Nc3 d5 3. Qf3 g6 4. exd5 Bg7 5. Bc4 Nf6 6. Nge2 O-O 7. dxc6 Nxc6 8.
Bb3 Bg4 9. Qg3 Bxe2 10. Nxe2 Ne4 11. Qe3 Nd6 12. O-O Nf5 13. Qh3 Ncd4 14. Nxd4
Nxd4 15. c3 Ne2+ 16. Kh1 Nf4 17. Qf3 Nd3 18. Bc2 Nxc1 19. Raxc1 Qxd2 20. Rfd1
Qg5 21. Qg3 Qxg3 22. hxg3 Rfd8 23. Kg1 b6 24. Kf1 e6 25. Ke2 Kf8 26. Rxd8+ Rxd8
27. Rd1 Rxd1 28. Bxd1 h5 29. Kd3 Ke7 30. b3 Kd6 31. c4 Kc5 32. Bf3 Bd4 33. Ke2
Kb4 34. Bc6 g5 35. Be8 f6 36. Bxh5 Ka3 37. Bf7 e5 38. f3 Kxa2 39. b4 Ka3 40. b5
Kb4 41. Kd3 Bf2 42. g4 Kc5 43. Ke4 Bd4 44. Kf5 Bc3 45. Bd5 Kd6 46. Be4 Ke7 47.
Bd5 Bd4 48. Ke4 Bc5 49. g3 Bd4 50. f4 gxf4 51. gxf4 Bc3 52. g5 exf4 53. g6 Kf8
54. Kxf4 Kg7 55. Kf5 Bd4 56. Bf7 Bc5 57. Ke6 Bd4 58. Kd7 f5 59. Kc7 f4 60. Bd5
Kxg6 61. Kb7 Kg5 62. Kxa7 Kg4 63. Kb7 f3 64. Kc6 Kg3 65. Bxf3 Kxf3 66. Kd5 Bc5
67. Kc6 Ke3 68. Kd5 Kd3 0-1

[Event "Titled Tue 27th May Early"]
[Site "chess.com INT"]
[Date "2025.05.27"]
[Round "6"]
[White "Ahmad, Khagan"]
[Black "Ramos Espinoza, Efren Andres"]
[Result "1-0"]
[WhiteTitle "IM"]
[BlackTitle "FM"]
[WhiteElo "2405"]
[BlackElo "2104"]
[WhiteFideId "13431552"]
[BlackFideId "6100538"]
[EventDate "2025.05.27"]

1. d4 d5 2. c4 c6 3. Nf3 Nf6 4. Nc3 a6 5. b3 g6 6. Bf4 Bg7 7. e3 Bg4 8. Be2 Nbd7
9. O-O O-O 10. cxd5 Nxd5 11. Nxd5 cxd5 12. Rc1 Qa5 13. Qc2 Bf5 14. Qb2 Rac8 15.
h3 h5 16. b4 Qb6 17. a4 Be4 18. Nd2 Bf5 19. a5 Qf6 20. Nf3 Be4 21. Rxc8 Rxc8 22.
Rc1 Rxc1+ 23. Qxc1 b5 24. Nd2 Qe6 25. Nxe4 dxe4 26. Qc8+ Nf8 27. Qxe6 Nxe6 28.
Bb8 Nd8 29. d5 Bc3 30. Bc7 Nb7 31. Bxb5 Bxb4 32. Bxa6 Bxa5 33. Be5 Nd6 34. Kf1
f5 35. g4 hxg4 36. hxg4 Kf7 37. Be2 Bb4 38. Kg2 Ne8 39. gxf5 gxf5 40. Bh5+ Kf8
41. Bg6 Nf6 42. Bxf5 Nxd5 43. Bxe4 Nf6 44. Ba8 Bd6 45. Bb2 Nd7 46. Bc6 Nc5 47.
Bd5 e5 48. Kf3 Ke7 49. Kg4 Nd3 50. Bc3 Nxf2+ 51. Kf5 Nd3 52. e4 Bc7 53. Bd2 Bd6
54. Bg5+ Kd7 55. Be6+ Kc6 56. Bc4 Nc5 57. Bd5+ Kc7 58. Bc1 Nd7 59. Bd2 Kd8 60.
Ke6 Kc7 61. Ba5+ Nb6 62. Bxb6+ Kxb6 63. Kxd6 Kb5 64. Kxe5 Ka6 65. Kd6 Ka7 66. e5
Kb6 67. e6 Ka7 68. e7 Kb8 69. e8=Q+ Ka7 70. Qa8+ 1-0

[Event "Titled Tue 27th May Early"]
[Site "chess.com INT"]
[Date "2025.05.27"]
[Round "6"]
[White "Melikhov, Evgeny V."]
[Black "Zhakshylykov, Erzhan"]
[Result "1-0"]
[WhiteTitle "FM"]
[BlackTitle "IM"]
[WhiteElo "2154"]
[BlackElo "2362"]
[WhiteFideId "4122046"]
[BlackFideId "13804111"]
[EventDate "2025.05.27"]

1. d4 e6 2. c4 b6 3. Nc3 Bb7 4. e4 Bb4 5. e5 c5 6. dxc5 Bxc5 7. Nf3 Ne7 8. Bd3
Nbc6 9. O-O h6 10. Ne4 Ng6 11. Nxc5 bxc5 12. Bxg6 fxg6 13. Qd6 Qe7 14. Be3 Qxd6
15. exd6 O-O 16. Bxc5 g5 17. Be3 a5 18. Nd4 Nxd4 19. Bxd4 Rf4 20. Rfd1 Rg4 21.
g3 a4 22. Rac1 Rc8 23. b3 axb3 24. axb3 Bf3 25. Rd2 Rb8 26. Rc3 Bc6 27. Be3 Re4
28. f3 Re5 29. Kf2 Rf5 30. f4 gxf4 31. gxf4 Rh5 32. Kg3 Ra5 33. Bd4 Ra3 34. b4
Ra4 35. b5 Be4 36. Rb2 Rc8 37. b6 Rcxc4 38. Rxc4 Rxc4 39. Be3 Rc8 40. Ra2 Ra8
41. Ra7 Rxa7 42. bxa7 Kf7 43. Bd4 g5 44. fxg5 hxg5 45. Kg4 Kg6 46. Be3 Ba8 47.
Bxg5 e5 48. h4 Kf7 49. Kf5 e4 50. h5 Kg7 51. h6+ Kh7 52. Kf6 1-0

[Event "Titled Tue 27th May Early"]
[Site "chess.com INT"]
[Date "2025.05.27"]
[Round "6"]
[White "Dicen, Elis Denele"]
[Black "Uzdemir, Ali Poyraz"]
[Result "1/2-1/2"]
[WhiteTitle "WFM"]
[BlackTitle "CM"]
[WhiteElo "2135"]
[BlackElo "2108"]
[WhiteFideId "462560"]
[BlackFideId "51619733"]
[EventDate "2025.05.27"]

1. e4 c6 2. d4 d5 3. exd5 cxd5 4. Bd3 Nc6 5. c3 g6 6. h3 Bg7 7. Nf3 Nf6 8. O-O
Bf5 9. Ne5 Ne4 10. Nxc6 bxc6 11. Bf4 O-O 12. Qe2 Re8 13. g4 e5 14. dxe5 Bxe5 15.
Bxe5 Rxe5 16. gxf5 gxf5 17. Bxe4 fxe4 18. Nd2 Kh8 19. Kh1 Qf6 20. Rg1 Qh6 21.
Rg3 f5 22. Nf3 Re7 23. Rag1 f4 24. Qd2 Qf6 25. Rg4 Rf8 26. Ng5 e3 27. fxe3 fxe3
28. Qe2 h6 29. h4 hxg5 30. Rxg5 Qf3+ 31. Qxf3 Rxf3 32. Rh5+ Rh7 33. Rxh7+ Kxh7
34. Re1 Kh6 35. Kg2 Rf2+ 36. Kg3 Rxb2 37. Rxe3 Rxa2 38. Re6+ Kh5 39. Rxc6 Ra3
40. Rc5 Kg6 41. Kg4 Ra4+ 42. Kh3 Rc4 43. Rxd5 Rxc3+ 44. Kg4 Rc4+ 45. Kg3 Rc3+
46. Kg2 Rc4 47. h5+ Kh6 48. Ra5 Rc7 49. Kg3 Rc3+ 50. Kh4 Rc4+ 51. Kg3 Rc3+ 52.
Kg2 Rc2+ 53. Kf3 Rc3+ 54. Ke4 Rh3 55. Rxa7 Rxh5 56. Ra6+ Kg7 1/2-1/2

[Event "Titled Tue 27th May Early"]
[Site "chess.com INT"]
[Date "2025.05.27"]
[Round "6"]
[White "Sheehan, Ethan"]
[Black "Madhesh Kumar S"]
[Result "1-0"]
[BlackTitle "CM"]
[WhiteElo "2380"]
[BlackElo "2243"]
[WhiteFideId "30943965"]
[BlackFideId "25168649"]
[EventDate "2025.05.27"]

1. f3 d5 2. e3 Nf6 3. d4 g6 4. c4 Bg7 5. Nc3 O-O 6. cxd5 Nxd5 7. Bc4 Nxc3 8.
bxc3 c5 9. Ne2 cxd4 10. cxd4 b5 11. Bd3 Bb7 12. O-O a6 13. a4 b4 14. Bb2 a5 15.
Qb3 Nd7 16. e4 Rc8 17. Rac1 Qb6 18. Kh1 e6 19. h3 Rfd8 20. Bb5 Nb8 21. Rfd1 Nc6
22. d5 exd5 23. Bxg7 Kxg7 24. exd5 Ne7 25. Rxc8 Bxc8 26. Nf4 Qd6 27. Qe3 Nf5 28.
Qd2 Bd7 29. Bxd7 Rxd7 30. g4 Ne7 31. Kg2 h6 32. Qd4+ Qf6 33. Qe3 Nc8 34. Rc1 Nd6
35. Rc6 b3 36. Ne2 b2 37. Nc3 Rb7 38. Qd3 Qe5 39. Nb1 h5 40. Qc3 Qxc3 41. Nxc3
Ne8 42. Nb1 Nf6 43. Rc5 Rd7 44. Rb5 Nxd5 45. Rxb2 Nb4 46. Nc3 Rd3 47. Ne4 hxg4
48. hxg4 Ra3 49. Rd2 Rxa4 50. Rd7 Ra2+ 51. Kg3 Kf8 52. Nd6 f5 53. gxf5 gxf5 54.
Nxf5 a4 55. Ra7 Nc6 56. Ra6 Ne5 57. Kf4 Nf7 58. Ra8+ Nd8 59. Rxd8+ Kf7 60. Ra8
Ra3 61. Ke4 Ra1 62. f4 Ra3 63. Nd4 Ra1 64. Kf5 a3 65. Ra7+ Ke8 66. Ne6 a2 67.
Kf6 Re1 68. Re7# 1-0

[Event "Titled Tue 27th May Early"]
[Site "chess.com INT"]
[Date "2025.05.27"]
[Round "6"]
[White "Robert, Yoann"]
[Black "Martin Fuentes, Alberto"]
[Result "1-0"]
[WhiteTitle "CM"]
[BlackTitle "FM"]
[WhiteElo "2198"]
[BlackElo "2376"]
[WhiteFideId "36018805"]
[BlackFideId "2292289"]
[EventDate "2025.05.27"]

1. f4 Nf6 2. Nf3 c5 3. g3 Nc6 4. Bg2 d6 5. d3 g6 6. e4 Bg7 7. O-O O-O 8. h3 Rb8
9. a4 a6 10. Be3 b5 11. axb5 axb5 12. c3 b4 13. Nbd2 bxc3 14. bxc3 Bd7 15. d4
cxd4 16. cxd4 d5 17. e5 Ne8 18. Nb3 Nc7 19. Nc5 Ne6 20. Nxd7 Qxd7 21. h4 Rfc8
22. Bh3 Nb4 23. Rc1 Qb5 24. Rxc8+ Rxc8 25. Qb3 Qc4 26. Rb1 Nc2 27. Bf2 Qxb3 28.
Rxb3 Rc6 29. Bxe6 Rxe6 30. Rb8+ Bf8 31. Rb5 Ra6 32. Rxd5 e6 33. Rd8 Kg7 34. Ng5
Ra1+ 35. Kg2 Ra2 36. Rd7 h6 37. Nxe6+ Kg8 38. Nxf8 Kxf8 39. d5 Ke8 40. Rd6 h5
41. Kf3 Ra3+ 42. Ke2 Nb4 43. Bc5 Ra2+ 44. Kf3 Nd3 45. Bb6 Ne1+ 46. Ke4 Re2+ 47.
Kd4 Rd2+ 48. Ke3 Rb2 49. Rd8+ Ke7 50. d6+ Ke6 51. Bd4 Rb3+ 52. Ke2 Nc2 53. Bf2
Nb4 54. Re8+ Kf5 55. d7 Nc6 56. Rc8 Rb2+ 57. Kf1 Rd2 58. Rxc6 Rxd7 59. Kg2 Kg4
60. Rf6 Rd3 61. Rxf7 g5 62. hxg5 h4 63. gxh4 Rg3+ 64. Bxg3 Kh5 65. Ra7 Kg4 66.
g6 Kh5 67. g7 Kg4 68. Bh2 Kh5 69. g8=Q Kh6 70. Rh7# 1-0

[Event "Titled Tue 27th May Early"]
[Site "chess.com INT"]
[Date "2025.05.27"]
[Round "6"]
[White "Asish Panda"]
[Black "Demchenko, Yaroslav"]
[Result "1-0"]
[BlackTitle "CM"]
[WhiteElo "1911"]
[BlackElo "2286"]
[WhiteFideId "45012458"]
[BlackFideId "14186667"]
[EventDate "2025.05.27"]

1. e4 e6 2. Nf3 c5 3. Nc3 Nc6 4. g3 d6 5. Bg2 Nf6 6. O-O Be7 7. d4 cxd4 8. Nxd4
O-O 9. Nxc6 bxc6 10. e5 Nd5 11. exd6 Qxd6 12. Ne4 Qc7 13. c4 Nf6 14. Re1 Bb7 15.
Qc2 c5 16. Bf4 Qb6 17. b3 Nxe4 18. Bxe4 Bxe4 19. Qxe4 Rfd8 20. Rad1 a5 21. Rxd8+
Rxd8 22. Qf3 a4 23. h4 axb3 24. axb3 Bf6 25. h5 h6 26. Bxh6 Qb4 27. Re2 Rd1+ 28.
Kg2 Rb1 29. Be3 Qxb3 30. h6 Qd1 31. Kh3 gxh6 32. Bxc5 Bg5 33. Be3 Qf1+ 34. Kh2
Qg1+ 35. Kh3 Qf1+ 36. Kg4 f5+ 37. Kh5 Kf7 38. g4 Qd1 39. Bxg5 hxg5 40. gxf5 Qh1+
41. Qxh1 Rxh1+ 42. Kxg5 exf5 43. Kxf5 Rc1 44. Re4 Rc2 45. f4 Rc1 46. Ke5 Rc2 47.
Kd6 Kf6 48. c5 Rd2+ 49. Kc7 Rc2 50. c6 Kf7 51. Rb4 Ke6 52. Kb7 Kd6 53. Rd4+ Ke7
54. c7 Rb2+ 55. Kc6 Rc2+ 56. Kb6 Rb2+ 57. Kc5 Rc2+ 58. Rc4 Rxc4+ 59. Kxc4 Kd7
60. Kd5 Kxc7 61. Ke6 Kd8 62. Kf7 Kd7 63. f5 Kd6 64. f6 Kd7 65. Kg7 Ke6 66. f7
Kd6 67. f8=Q+ Kc7 68. Qf6 Kb7 69. Qd6 Ka8 70. Qd7 Kb8 71. Kf6 Ka8 72. Ke5 1-0

[Event "Titled Tue 27th May Early"]
[Site "chess.com INT"]
[Date "2025.05.27"]
[Round "6"]
[White "Zaw, Ye Htut"]
[Black "Khodabandeh, Milad"]
[Result "1-0"]
[WhiteTitle "CM"]
[BlackTitle "CM"]
[WhiteElo "2180"]
[BlackElo "1957"]
[WhiteFideId "13013955"]
[BlackFideId "12538620"]
[EventDate "2025.05.27"]

1. e4 e5 2. Nf3 Nc6 3. Bb5 a6 4. Ba4 Nf6 5. d3 b5 6. Bb3 Bc5 7. O-O d6 8. a4 Rb8
9. axb5 axb5 10. h3 O-O 11. Nc3 b4 12. Ne2 Be6 13. Bxe6 fxe6 14. Ng3 b3 15. c3
d5 16. d4 exd4 17. cxd4 Be7 18. Ng5 Qd7 19. e5 Ne4 20. N5xe4 dxe4 21. Be3 Rb4
22. Qg4 Nxd4 23. Rfd1 c5 24. Bxd4 Rxd4 25. Rxd4 cxd4 26. Qxe4 d3 27. Rd1 d2 28.
Qe3 Rd8 29. Ne4 Bb4 30. Qxb3 Qd4 31. Qxe6+ Kh8 32. Ng5 Rf8 33. Nf7+ Rxf7 34.
Qxf7 h6 35. e6 Qe5 36. Rxd2 Bxd2 37. e7 Qe1+ 38. Kh2 Bf4+ 39. Qxf4 Qxe7 40. b4
Qb7 41. Qd4 Kh7 42. f3 Qb5 43. Qe4+ Kh8 44. Qd4 Qb8+ 45. Kh1 Qb5 46. Qc5 Qf1+
47. Kh2 Qd1 48. b5 Qd7 49. b6 Qb7 50. Qc7 Qd5 51. b7 Kh7 52. b8=Q Qf5 53. Qbb6
Qg5 54. Qb1+ 1-0

[Event "Titled Tue 27th May Early"]
[Site "chess.com INT"]
[Date "2025.05.27"]
[Round "6"]
[White "Sadubayev, Airat"]
[Black "Maslovskiy, Vladimir"]
[Result "0-1"]
[WhiteTitle "FM"]
[BlackTitle "FM"]
[WhiteElo "2211"]
[BlackElo "2370"]
[WhiteFideId "13713264"]
[BlackFideId "24273546"]
[EventDate "2025.05.27"]

1. d4 Nf6 2. c4 e6 3. Nf3 d5 4. g3 Bb4+ 5. Bd2 Be7 6. Bg2 O-O 7. O-O Nbd7 8. Qc2
c6 9. Bf4 b6 10. cxd5 cxd5 11. Rc1 Bb7 12. Nc3 a6 13. Qb3 b5 14. a4 b4 15. a5
Rc8 16. Bf1 Bc6 17. Na4 Qxa5 18. e3 Bb5 19. Nc5 Nxc5 20. dxc5 Qd8 21. Bxb5 axb5
22. Qxb4 Ne4 23. Qxb5 Bxc5 24. h4 Qf6 25. Ne5 Rfe8 26. Nd7 Qe7 27. Nxc5 Nxc5 28.
Be5 Ne4 29. b3 f6 30. Bb2 Nd6 31. Qb4 Qd7 32. Ba3 Ne4 33. Bb2 Nd6 34. Qd4 Ne4
35. Qd3 Nc5 36. Qd1 Qb5 37. Bd4 Nxb3 38. Rcb1 Rb8 39. Ra3 Nxd4 40. Rxb5 Nxb5 41.
Rb3 Nd6 42. Qb1 Rbc8 43. Rb6 Ne4 44. Rb7 h5 45. Qb5 Nd6 46. Qd7 Nxb7 47. Qxb7
Rcd8 48. Qb3 Kf8 49. Qd3 Kf7 50. Qh7 Rh8 51. Qd3 Rhe8 52. Qh7 Rh8 53. Qd3 g6 54.
Qd4 Rd7 55. Kg2 e5 56. Qd3 Rhd8 57. Kf3 e4+ 0-1

[Event "Titled Tue 27th May Early"]
[Site "chess.com INT"]
[Date "2025.05.27"]
[Round "6"]
[White "Saiz Rodriguez, Daniel Evelio"]
[Black "Troltenier, Dirk"]
[Result "0-1"]
[WhiteTitle "FM"]
[BlackTitle "FM"]
[WhiteElo "2187"]
[BlackElo "2174"]
[WhiteFideId "3523420"]
[BlackFideId "4606400"]
[EventDate "2025.05.27"]

1. c4 e6 2. Nf3 d5 3. g3 Nf6 4. Bg2 c5 5. O-O Nc6 6. cxd5 exd5 7. d4 Be7 8. Nc3
O-O 9. Bg5 cxd4 10. Nxd4 h6 11. Bf4 Bc5 12. Nb3 Bb6 13. Nxd5 Nxd5 14. Qxd5 Qf6
15. Rab1 Be6 16. Qb5 Rfe8 17. Nc5 Nd4 18. Qb4 Nxe2+ 19. Kh1 Nxf4 20. gxf4 Bxa2
21. Nd7 Qe6 22. Nxb6 Bxb1 23. Nxa8 Bd3 24. Nc7 Qe7 25. Qxe7 Rxe7 26. Nd5 Re2 27.
Rd1 Bb5 28. Kg1 Rxb2 29. Ne7+ Kh7 30. Be4+ g6 31. f5 Kg7 32. fxg6 fxg6 33. Nxg6
Rb4 34. f3 Rxe4 35. fxe4 Kxg6 36. Rd6+ Kg5 37. Kf2 Bc6 38. Ke3 a5 39. Kd4 a4 40.
e5 Kf5 41. Rd8 h5 42. Rf8+ Ke6 43. Rf6+ Ke7 44. Rh6 Be8 45. Rh7+ Bf7 46. Kc5 a3
47. Rh8 a2 48. Ra8 Be6 49. Kd4 Kd7 50. h4 b5 51. Ra7+ Kc6 52. Ra6+ Kd7 53. Ra7+
Kc6 54. Ra6+ Kb7 55. Ra3 b4 56. Ra4 Kc6 57. Ra6+ Kb5 0-1

[Event "Titled Tue 27th May Early"]
[Site "chess.com INT"]
[Date "2025.05.27"]
[Round "6"]
[White "Gharibyan, Mamikon"]
[Black "Mora Munoz, Alejandro"]
[Result "1-0"]
[WhiteTitle "GM"]
[BlackTitle "FM"]
[WhiteElo "2472"]
[BlackElo "2147"]
[WhiteFideId "13308300"]
[BlackFideId "4469844"]
[EventDate "2025.05.27"]

1. d4 Nf6 2. c4 e6 3. Nf3 b6 4. g3 Bb7 5. Bg2 Bb4+ 6. Bd2 Be7 7. O-O O-O 8. Nc3
c5 9. d5 exd5 10. Nh4 Nc6 11. cxd5 Nb4 12. d6 Bxg2 13. dxe7 Qxe7 14. Nxg2 d5 15.
a3 Nc6 16. Bg5 Rad8 17. Nf4 d4 18. Ncd5 Qe5 19. Nxf6+ gxf6 20. Bh4 Rfe8 21. e4
Kh8 22. Nd5 Re6 23. Re1 Ne7 24. f4 Qd6 25. Nxf6 d3 26. e5 Qd4+ 27. Kg2 Qxb2+ 28.
Kh3 Ng6 29. Qh5 Nf8 30. Nxh7 Nxh7 31. Bxd8 d2 32. Bf6+ Rxf6 33. exf6 dxe1=Q 34.
Rxe1 Qxf6 35. Re8+ Kg7 36. Qg4+ Kh6 37. Qh4+ Qxh4+ 38. Kxh4 Nf6 39. Rc8 Kg6 40.
g4 Nd5 41. Rc6+ Kg7 42. f5 Nf4 43. Kg3 Ne2+ 44. Kf2 Nd4 45. Rd6 Nc2 46. a4 Na3
47. h4 Nc4 48. Rd8 Ne5 49. g5 c4 50. Re8 Nd3+ 51. Ke3 Nc5 52. Kd4 Nxa4 53. Kxc4
Nc5 54. h5 Ne4 55. f6+ Kh7 56. g6+ fxg6 57. f7 Nd6+ 58. Kd5 Nxf7 59. Re7 Kg7 60.
Ke6 1-0

[Event "Titled Tue 27th May Early"]
[Site "chess.com INT"]
[Date "2025.05.27"]
[Round "6"]
[White "Andrade, Ivan"]
[Black "Berezin, Viktor RUS"]
[Result "1-0"]
[WhiteTitle "FM"]
[BlackTitle "FM"]
[WhiteElo "2161"]
[BlackElo "1921"]
[WhiteFideId "14800039"]
[BlackFideId "4128869"]
[EventDate "2025.05.27"]

1. e4 e6 2. d4 d5 3. Nc3 Nf6 4. e5 Nfd7 5. Nce2 c5 6. c3 Nc6 7. Nf3 Qb6 8. a3 a5
9. g3 cxd4 10. cxd4 Be7 11. Bg2 f6 12. Nf4 Nd8 13. O-O Nf7 14. exf6 Nxf6 15. Ne5
O-O 16. Re1 Nd6 17. Bh3 Nde4 18. f3 Ng5 19. Bg2 Nf7 20. Kh1 Bd6 21. Nxf7 Kxf7
22. Bh3 Bxf4 23. Bxf4 Bd7 24. Qd2 Rfe8 25. Rac1 Rac8 26. Rxc8 Rxc8 27. Be5 Re8
28. Rc1 Rc8 29. Rxc8 Bxc8 30. Qc3 Qc6 31. Qxc6 bxc6 32. Bc7 a4 33. Bf1 Nd7 34.
Bd6 Bb7 35. Bd3 h6 36. Bc2 g5 37. Bxa4 Nb6 38. Bb3 Ba6 39. Kg2 Bc4 40. Bc2 Ba6
41. b3 h5 42. a4 g4 43. fxg4 hxg4 44. Bc7 Nd7 45. Bd6 Nf6 46. b4 Be2 47. Be5 Nd7
48. Bd6 Kf6 49. Kf2 Bf3 50. Bd3 e5 51. dxe5+ Nxe5 52. Bxe5+ Kxe5 53. b5 cxb5 54.
axb5 Kd6 55. h4 Kc5 56. h5 1-0

[Event "Titled Tue 27th May Early"]
[Site "chess.com INT"]
[Date "2025.05.27"]
[Round "6"]
[White "Zobel, Christian"]
[Black "Turcsanyi, Vince Gergo"]
[Result "1/2-1/2"]
[WhiteTitle "CM"]
[BlackTitle "FM"]
[WhiteElo "2157"]
[BlackElo "2321"]
[WhiteFideId "16259068"]
[BlackFideId "791784"]
[EventDate "2025.05.27"]

1. d4 Nf6 2. c4 c5 3. d5 b5 4. cxb5 a6 5. b6 d6 6. Nc3 g6 7. e4 Bg7 8. Nf3 O-O
9. Be2 Nfd7 10. b7 Bxb7 11. O-O Nb6 12. a4 a5 13. Nd2 N8d7 14. Kh1 e6 15. dxe6
fxe6 16. Nf3 d5 17. Bg5 Qb8 18. exd5 exd5 19. Qb3 Kh8 20. Rad1 d4 21. Nb5 Bd5
22. Qa3 Rf7 23. Nd2 h6 24. Bh4 Be5 25. Bg3 Re7 26. Bf3 Qb7 27. Rfe1 Rae8 28.
Bxe5+ Rxe5 29. Rxe5 Rxe5 30. Qd3 Qc6 31. Bxd5 Rxd5 32. Qh3 Kg7 33. Re1 Re5 34.
Rxe5 Nxe5 35. Qg3 Qf6 36. Nf3 Nxf3 37. gxf3 Nc4 38. Qc7+ Qf7 39. Qxc5 Qxf3+ 40.
Kg1 Qd1+ 41. Kg2 Qg4+ 42. Kh1 Qe4+ 43. Kg1 Nd2 44. Qxd4+ Qxd4 45. Nxd4 Nc4 46.
b3 Nd2 47. f3 Kf6 48. Kf2 Ke5 49. Ke3 Nf1+ 50. Kd3 Nxh2 51. Kc4 Kd6 52. Kb5 Kd5
53. Ne2 Nxf3 54. Nf4+ Kd4 55. Nxg6 Kc3 56. Kxa5 Kxb3 57. Nf4 Ne5 58. Kb5 Nf7 59.
a5 Nd6+ 60. Kc6 Nc8 61. a6 Ka4 62. Kb7 Nd6+ 63. Kc6 Nc8 64. Kb7 Nd6+ 65. Kc6 Nc8 1/2-1/2

[Event "Titled Tue 27th May Early"]
[Site "chess.com INT"]
[Date "2025.05.27"]
[Round "6"]
[White "Hambardzumian, Yuri"]
[Black "Skytte, Robert"]
[Result "1-0"]
[WhiteTitle "IM"]
[BlackTitle "CM"]
[WhiteElo "2301"]
[BlackElo "2007"]
[WhiteFideId "13302795"]
[BlackFideId "1471775"]
[EventDate "2025.05.27"]

1. d4 d5 2. c4 e6 3. Nc3 c5 4. cxd5 exd5 5. Nf3 Nf6 6. Bg5 Nc6 7. e3 Be6 8. dxc5
Bxc5 9. Be2 O-O 10. O-O h6 11. Bh4 Be7 12. Nd4 Ne5 13. Nxe6 fxe6 14. Rc1 Rc8 15.
Bg3 Bd6 16. Nb5 Rxc1 17. Qxc1 a6 18. Nxd6 Qxd6 19. Qc3 Nfd7 20. f4 Nc6 21. f5 e5
22. Bh5 Nc5 23. Bg6 Ne4 24. Qe1 Nxg3 25. Qxg3 d4 26. exd4 Qxd4+ 27. Kh1 Ne7 28.
h3 e4 29. f6 Nxg6 30. Qxg6 Rxf6 31. Rxf6 Qxf6 32. Qe8+ Kh7 33. Qxe4+ Kh8 34.
Qxb7 Qf1+ 35. Kh2 Qf4+ 36. g3 Qd2+ 37. Qg2 Qd4 38. a3 Qe5 39. h4 a5 40. Qc2 h5
41. Kh3 Qe6+ 42. Kh2 Qe5 43. b4 axb4 44. axb4 Qb5 45. Qb2 Kh7 46. Qd2 g6 47. Kg1
Qb6+ 48. Kg2 Qc6+ 49. Kf2 Qb6+ 50. Kf3 Qc6+ 51. Ke3 Qb6+ 52. Qd4 Qb5 53. Qc5
Qe8+ 54. Kd4 Qd7+ 55. Kc4 Qe6+ 56. Kb5 Qe2+ 57. Kb6 Qe6+ 58. Kb7 Qe4+ 59. Ka7
Qe8 60. Qc7+ Kh6 61. Qc1+ Kh7 62. Qc5 Kh6 63. b5 Kh7 64. b6 Qh8 65. b7 Qa1+ 66.
Kb8 Qh8+ 67. Qc8 Qe5+ 68. Qc7+ Qxc7+ 69. Kxc7 g5 70. b8=Q gxh4 71. gxh4 Kg6 72.
Qb5 Kf6 73. Qg5+ 1-0

[Event "Titled Tue 27th May Early"]
[Site "chess.com INT"]
[Date "2025.05.27"]
[Round "6"]
[White "Martinez Alcantara, Jose Eduardo"]
[Black "Papasimakopoulos, Alexandros"]
[Result "1-0"]
[WhiteTitle "GM"]
[BlackTitle "IM"]
[WhiteElo "2611"]
[BlackElo "2366"]
[WhiteFideId "3805662"]
[BlackFideId "4244125"]
[EventDate "2025.05.27"]

1. c4 e6 2. Nf3 d5 3. g3 b6 4. Bg2 Bb7 5. O-O Nf6 6. Qc2 c5 7. cxd5 Nxd5 8. d4
Nd7 9. Nc3 Nxc3 10. bxc3 cxd4 11. cxd4 Be7 12. a4 O-O 13. Ng5 Bxg5 14. Bxb7 Rb8
15. Ba6 Bxc1 16. Raxc1 Nf6 17. Rfd1 Nd5 18. Qb3 Qd6 19. Rb1 Nc7 20. Bd3 Rfc8 21.
Rbc1 Nd5 22. e3 g6 23. Ba6 Rxc1 24. Rxc1 Nb4 25. Bf1 Nd5 26. Qc4 Kf8 27. Bg2 h6
28. h4 Kg7 29. Bf3 h5 30. Kg2 Rb7 31. Bxd5 exd5 32. Qc6 Qxc6 33. Rxc6 a6 34. Kf3
b5 35. Rxa6 b4 36. Rc6 b3 37. Rc1 Kf6 38. a5 Ke6 39. a6 b2 40. Rb1 Ra7 41. Rxb2
Rxa6 42. Kf4 Rc6 43. f3 Ra6 44. Rb8 Rd6 45. g4 Kf6 46. gxh5 gxh5 47. Rg8 Ke6 48.
Rg5 f6 49. Rxh5 Rd8 50. Rh7 Rg8 51. h5 Rg1 52. h6 Rh1 53. Rh8 Kf7 54. e4 dxe4
55. fxe4 Kg6 56. d5 Rd1 57. Ke3 Kg5 58. Rf8 Rh1 59. d6 Rh3+ 60. Ke2 Rh2+ 61. Ke3
Rh3+ 62. Kd4 Kxh6 63. d7 Rh1 64. d8=Q Rd1+ 65. Ke3 Rxd8 66. Rxd8 Kg7 67. Rd6 Kf7
68. Kf4 Ke7 69. Rb6 Kf7 70. Kf5 1-0